Statistics for Date of Statehood

Click here to take the quiz!

General Stats

  • This quiz has been taken 44 times
  • The average score is 23 of 50

Answer Stats

HintAnswer% Correct
Dec. 7th, 1787Delaware
100%
Dec. 12th, 1787Pennsylvania
95%
Dec. 18th,1787New Jersey
81%
Jan. 3rd, 1959Alaska
76%
Aug. 21st, 1959Hawaii
76%
July 26th, 1788New York
71%
March 4th, 1791Vermont
71%
June 25th, 1788Virginia
71%
Jan. 9th, 1788Connecticut
67%
April 28th, 1788Maryland
67%
Feb. 6th, 1788Massachusetts
67%
Feb. 14th, 1912Arizona
57%
Jan. 2nd, 1788Georgia
57%
Jan. 6th, 1912New Mexico
57%
May 29th, 1790Rhode Island
57%
June 21st, 1788New Hampshire
52%
May 23rd, 1788South Carolina
52%
Mar. 15th, 1820Maine
48%
June 1st, 1796Tennessee
48%
Nov. 21st, 1789North Carolina
43%
Mar. 1st, 1803Ohio
43%
Dec. 29th, 1845Texas
43%
June 20th, 1863West Virginia
43%
Sep. 9th, 1850California
38%
Mar. 3rd, 1845Florida
38%
Jan. 29th, 1861Kansas
38%
June 1st, 1792Kentucky
38%
Oct. 31st, 1864Nevada
38%
Nov. 16th, 1907Oklahoma
38%
Jan. 4th, 1896Utah
38%
Dec. 14th, 1819Alabama
33%
Aug. 1st, 1876Colorado
33%
July 3rd, 1890Idaho
33%
Dec. 3rd, 1818Illinois
33%
Dec. 11th, 1816Indiana
33%
Dec. 28th, 1846Iowa
33%
April 30th, 1812Louisiana
33%
Jan 26th, 1837Michigan
33%
Dec. 10th, 1817Mississippi
33%
Aug. 10th, 1821Missouri
33%
Mar. 1st, 1867Nebraska
33%
June 15th, 1836Arkansas
29%
Feb. 14th, 1859Oregon
29%
Nov. 2nd, 1889South Dakota
29%
May 29th, 1848Wisconsin
29%
July 10th, 1890Wyoming
29%
May 11th, 1858Minnesota
24%
Nov. 8th, 1889Montana
24%
Nov. 2nd, 1889North Dakota
24%
Nov. 11th, 1889Washington
24%

Score Distribution

Percentile by Number Answered

Percent of People with Each Score

Your Score History

You have not taken this quiz